[Event "Olimpiada Calviá 2004"]
[Site "Calviá ESP"]
[Date "2004.10.17"]
[Round "3.36"]
[White "Domingos, Catarino"]
[Black "Martinez, Carlos Alejandro"]
[Result "1-0"]
[WhiteElo "2227"]
[BlackElo "2393"]
[PlyCount "125"]
[EventDate "2004.10.15"]
[EventType "team"]
[EventRounds "14"]
[EventCountry "ESP"]
[Source "lmi"]
[SourceDate "2004.10.27"]

1. d4 Nf6 2. Nf3 c5 3. dxc5 g6 4. c4 Bg7 5. Nc3 O-O 6. e4 Qa5 7. Bd3 Qxc5 8.
O-O Nc6 9. Be3 Qa5 10. h3 d6 11. Qd2 Bd7 12. Be2 Rfc8 13. Rac1 Rab8 14. Rfd1 a6
15. c5 Ne8 16. Bc4 Rd8 17. Nd5 Qxd2 18. Rxd2 Be6 19. Rcd1 Bxd5 20. Bxd5 Rbc8
21. Ng5 e6 22. Nxe6 fxe6 23. Bxe6+ Kf8 24. Bxc8 Rxc8 25. cxd6 Rd8 26. d7 Nf6
27. Bb6 Ke7 28. Bxd8+ Kxd8 29. Re2 Nxd7 30. Red2 Ncb8 31. f4 Ke7 32. Kf2 Nb6
33. b3 Nc6 34. Kf3 Bc3 35. Rd3 Bg7 36. e5 g5 37. g3 h5 38. h4 g4+ 39. Ke4 a5
40. Kf5 Bf8 41. Kg5 Ke6 42. f5+ Ke7 43. Re3 Nd7 44. Rd5 Ke8 45. Kxh5 Ne7 46.
Rxd7 Kxd7 47. Kxg4 Nc6 48. Kg5 Ne7 49. Rd3+ Ke8 50. f6 Nc6 51. Kf5 Nb4 52. Rd1
Nxa2 53. Ke6 Bc5 54. f7+ Kf8 55. Rd8+ Kg7 56. Rg8+ Kh6 57. f8=Q+ Bxf8 58. Rxf8
Nc1 59. Rf3 b5 60. Kf7 b4 61. e6 a4 62. bxa4 b3 63. Rxb3 1-0

[Event "Olimpiada Calviá 2004"]
[Site "Calviá ESP"]
[Date "2004.10.17"]
[Round "3.36"]
[White "Fier, Alexander Hila"]
[Black "Sousa, Armindo"]
[Result "1-0"]
[WhiteElo "2365"]
[BlackElo "2216"]
[PlyCount "59"]
[EventDate "2004.10.15"]
[EventType "team"]
[EventRounds "14"]
[EventCountry "ESP"]
[Source "lmi"]
[SourceDate "2004.10.27"]

1. e4 d6 2. d4 Nf6 3. Nc3 g6 4. Nf3 Bg7 5. Be3 O-O 6. Qd2 Ng4 7. Bg5 h6 8. h3
Nxf2 9. Qxf2 hxg5 10. Nxg5 Bh6 11. Nf3 Nc6 12. Bc4 e5 13. dxe5 Nxe5 14. Nxe5
dxe5 15. Rd1 Qg5 16. Nd5 Kh8 17. h4 Qg4 18. h5 Qxe4+ 19. Be2 g5 20. O-O f5 21.
Bf3 Qh4 22. Qe3 Qg3 23. Nxc7 e4 24. Nxa8 Be6 25. Qe1 Qe5 26. Bxe4 fxe4 27.
Rxf8+ Bxf8 28. Rd8 Kh7 29. Rxf8 Qc5+ 30. Rf2 1-0

[Event "Olimpiada Calviá 2004"]
[Site "Calviá ESP"]
[Date "2004.10.17"]
[Round "3.37"]
[White "Ramirez, Alejandro"]
[Black "Canda, Danilo"]
[Result "1-0"]
[WhiteElo "2519"]
[BlackElo "2335"]
[PlyCount "63"]
[EventDate "2004.10.15"]
[EventType "team"]
[EventRounds "14"]
[EventCountry "ESP"]
[Source "lmi"]
[SourceDate "2004.10.27"]

1. d4 Nf6 2. c4 e6 3. Nc3 c5 4. d5 Bd6 5. g3 a6 6. Bg2 O-O 7. Nh3 exd5 8. Nxd5
Nxd5 9. Qxd5 Be7 10. O-O d6 11. Rd1 Nc6 12. Nf4 Re8 13. Be3 Bf8 14. Qd3 Be6 15.
Nxe6 fxe6 16. Bd2 Qc7 17. Bc3 Rad8 18. a3 Rc8 19. Rd2 Nd8 20. Rad1 Nf7 21. h4
Nh8 22. Be4 g6 23. Qf3 Rb8 24. Qf6 Bg7 25. Qxg7+ Qxg7 26. Bxg7 Kxg7 27. Rxd6 b5
28. Rxa6 bxc4 29. Ra7+ Nf7 30. Rdd7 Rf8 31. Rab7 Kf6 32. Rxf7+ 1-0

[Event "Olimpiada Calviá 2004"]
[Site "Calviá ESP"]
[Date "2004.10.17"]
[Round "3.37"]
[White "Davila, Carlos"]
[Black "Gonzalez, Bernal"]
[Result "1-0"]
[WhiteElo "2339"]
[BlackElo "2423"]
[PlyCount "61"]
[EventDate "2004.10.15"]
[EventType "team"]
[EventRounds "14"]
[EventCountry "ESP"]
[Source "lmi"]
[SourceDate "2004.10.27"]

1. e4 c5 2. Nf3 Nc6 3. Bb5 g6 4. O-O Bg7 5. Bxc6 dxc6 6. d3 Nf6 7. Bd2 Bg4 8.
Bc3 O-O 9. Nbd2 Nh5 10. Bxg7 Nxg7 11. h3 Bxf3 12. Nxf3 Qd6 13. e5 Qd5 14. Re1
Rad8 15. Qc1 Nf5 16. Re4 Kg7 17. b3 h6 18. Qa3 a6 19. Rae1 Nd4 20. Nxd4 cxd4
21. Qxe7 Qd7 22. Qf6+ Kh7 23. Rh4 Qf5 24. Qe7 g5 25. Rxd4 Rxd4 26. Qxf8 Qe6 27.
Re3 g4 28. hxg4 Rxg4 29. Qd6 Kg6 30. Qxe6+ fxe6 31. Rf3 1-0

[Event "Olimpiada Calviá 2004"]
[Site "Calviá ESP"]
[Date "2004.10.17"]
[Round "3.37"]
[White "Valdes, Leonardo"]
[Black "Sirias, Danilo"]
[Result "1-0"]
[WhiteElo "2372"]
[BlackElo "2285"]
[PlyCount "139"]
[EventDate "2004.10.15"]
[EventType "team"]
[EventRounds "14"]
[EventCountry "ESP"]
[Source "lmi"]
[SourceDate "2004.10.27"]

1. Nf3 Nf6 2. c4 e6 3. g3 d5 4. b3 Be7 5. Bb2 O-O 6. Bg2 c6 7. O-O Nbd7 8. d3
a5 9. a3 Re8 10. Nbd2 Bd6 11. Qc2 Qe7 12. Rfc1 h6 13. h3 Bc7 14. e3 Bb6 15. d4
Bc7 16. Re1 Qd8 17. e4 b6 18. cxd5 cxd5 19. Rac1 Ra7 20. e5 Nh7 21. Re3 Ba6 22.
Rc3 Bb8 23. a4 f6 24. exf6 Qxf6 25. Re1 Ra8 26. Rce3 Rc8 27. Qb1 Nhf8 28. Nh2
Bb7 29. Bf1 Bd6 30. Bd3 Bb4 31. R1e2 Rc7 32. Ndf3 Rac8 33. Ng4 Qd8 34. h4 Bc3
35. Kg2 Qe7 36. Nge5 Nxe5 37. Nxe5 Qb4 38. Nf3 Qxb3 39. Qa1 Qb4 40. Bxc3 Rxc3
41. Rb2 Qd6 42. Qb1 Qa3 43. Rxb6 Bc6 44. Ba6 Rxe3 45. Bxc8 Rxf3 46. Rxc6 Rf6
47. Qc2 Qb4 48. Qd1 Qb2 49. Rc2 Qb3 50. Bd7 Qb7 51. Bb5 Rf7 52. Qd2 Rc7 53. Qc1
Rxc2 54. Qxc2 Qe7 55. Qc5 Qf6 56. Bd3 Qd8 57. Kf1 Qa8 58. Qb6 Kf7 59. Bb5 Qc8
60. Qxa5 Qc1+ 61. Kg2 Qb1 62. Qc7+ Kg8 63. Be8 Qe4+ 64. Kh2 Qf3 65. Kg1 Nh7 66.
Bg6 Nf8 67. Bc2 Qg4 68. Qc3 Qe2 69. a5 Qa6 70. Bd3 1-0

[Event "Olimpiada Calviá 2004"]
[Site "Calviá ESP"]
[Date "2004.10.17"]
[Round "3.37"]
[White "Puhiera, Roger"]
[Black "Hernandez Basante, Francisco"]
[Result "1/2-1/2"]
[WhiteElo "2144"]
[BlackElo "2283"]
[PlyCount "76"]
[EventDate "2004.10.15"]
[EventType "team"]
[EventRounds "14"]
[EventCountry "ESP"]
[Source "lmi"]
[SourceDate "2004.10.27"]

1. e4 c5 2. Nf3 Nc6 3. d4 cxd4 4. Nxd4 Qc7 5. Nc3 e6 6. Be2 a6 7. O-O Nf6 8.
Be3 Bb4 9. Nxc6 Bxc3 10. bxc3 Qxc6 11. e5 Nd5 12. Bd4 Nxc3 13. Qd3 Nxe2+ 14.
Qxe2 b5 15. c3 Bb7 16. f4 Rc8 17. Rf2 Qe4 18. a4 Qxe2 19. Rxe2 Bc6 20. axb5
Bxb5 21. Rf2 g6 22. Rb2 Ke7 23. Kf2 h6 24. g4 Rhd8 25. Kg3 d6 26. h4 Rg8 27. g5
d5 28. Rf2 h5 29. Ra5 Kd7 30. Rfa2 Kc6 31. Kf3 Rb8 32. Rb2 Bc4 33. Rb4 Rxb4 34.
cxb4 Rb8 35. Bc5 d4 36. Bd6 Rb5 37. Rxa6+ Rb6 38. Rxb6+ Kxb6 1/2-1/2

[Event "Olimpiada Calviá 2004"]
[Site "Calviá ESP"]
[Date "2004.10.17"]
[Round "3.38"]
[White "Gillani, Tunveer"]
[Black "Sadvakasov, Darmen"]
[Result "0-1"]
[WhiteElo "2277"]
[BlackElo "2631"]
[PlyCount "80"]
[EventDate "2004.10.15"]
[EventType "team"]
[EventRounds "14"]
[EventCountry "ESP"]
[Source "lmi"]
[SourceDate "2004.10.27"]

1. b3 e5 2. Bb2 Nc6 3. e3 Nf6 4. Bb5 Bd6 5. Nf3 e4 6. Nd4 Nxd4 7. Bxd4 O-O 8.
O-O Qe7 9. f3 c6 10. Be2 exf3 11. Bxf3 Be5 12. Bxe5 Qxe5 13. Nc3 d5 14. Qe1 Bf5
15. Rc1 Rad8 16. Qf2 Rfe8 17. Bxd5 Nxd5 18. Qxf5 Qxf5 19. Rxf5 Nxc3 20. dxc3
Rxe3 21. Rcf1 f6 22. R5f3 Re2 23. R3f2 Rxf2 24. Rxf2 Rd1+ 25. Rf1 Rxf1+ 26.
Kxf1 Kf7 27. Ke2 Ke6 28. c4 Ke5 29. Ke3 f5 30. g3 g5 31. c3 f4+ 32. gxf4+ gxf4+
33. Kd3 c5 34. Kd2 Ke4 35. Ke2 a5 36. a3 b6 37. a4 f3+ 38. Kd2 f2 39. Ke2 f1=Q+
40. Kxf1 Kd3 0-1

[Event "Olimpiada Calviá 2004"]
[Site "Calviá ESP"]
[Date "2004.10.17"]
[Round "3.38"]
[White "Ibraev, Nurlan"]
[Black "Amir, Karim"]
[Result "1-0"]
[WhiteElo "2476"]
[BlackElo "2250"]
[PlyCount "145"]
[EventDate "2004.10.15"]
[EventType "team"]
[EventRounds "14"]
[EventCountry "ESP"]
[Source "lmi"]
[SourceDate "2004.10.27"]

1. Nf3 c5 2. c4 Nf6 3. Nc3 Nc6 4. d4 cxd4 5. Nxd4 e5 6. Ndb5 d6 7. Bg5 a6 8.
Bxf6 gxf6 9. Na3 f5 10. g3 Bg7 11. Bg2 Be6 12. O-O e4 13. Qd2 h5 14. h4 Ne5 15.
Nd5 Rc8 16. b3 Bh6 17. e3 Rg8 18. Rad1 Rg4 19. Nf4 Bxf4 20. exf4 Nd3 21. Nc2 b5
22. cxb5 axb5 23. Ne3 Rg6 24. Qe2 Rh6 25. Nxf5 Bxf5 26. Rxd3 d5 27. Rfd1 Bg4
28. f3 Re6 29. Re3 exf3 30. Rxe6+ fxe6 31. Bxf3 Qb6+ 32. Kh1 Rc2 33. Qxc2 Bxf3+
34. Kh2 Bxd1 35. Qxd1 Qf2+ 36. Kh3 d4 37. Qxh5+ Ke7 38. Qxb5 Qe3 39. Qc5+ Kd7
40. h5 Qe4 41. h6 d3 42. Qa7+ Kd6 43. Qb6+ Kd7 44. Qb5+ Ke7 45. Qg5+ Kd7 46.
Qg7+ Kc6 47. h7 d2 48. Qc3+ Kb6 49. Qxd2 Qxh7+ 50. Kg2 Qe4+ 51. Kf2 Kc6 52. a4
Qh1 53. Qc3+ Kd6 54. Qe1 Qh2+ 55. Ke3 Ke7 56. Kd3 Qg2 57. Kc3 Qd5 58. Kb2 Qg2+
59. Ka3 Qf3 60. a5 Qd3 61. g4 Kf7 62. Qe5 Qf1 63. g5 Qc1+ 64. Ka4 Qc6+ 65. Qb5
Qe4+ 66. Qc4 Qb1 67. a6 Kg6 68. Qxe6+ Kh7 69. Qc4 Kg7 70. Kb5 Qf5+ 71. Kb6 Qb1
72. a7 Qh1 73. Qc7+ 1-0

[Event "Olimpiada Calviá 2004"]
[Site "Calviá ESP"]
[Date "2004.10.17"]
[Round "3.39"]
[White "Ovalle, Ramon"]
[Black "Khairallah, Faisal"]
[Result "1-0"]
[WhiteElo "2184"]
[BlackElo "2323"]
[PlyCount "201"]
[EventDate "2004.10.15"]
[EventType "team"]
[EventRounds "14"]
[EventCountry "ESP"]
[Source "lmi"]
[SourceDate "2004.10.27"]

1. e4 c5 2. c3 d5 3. exd5 Qxd5 4. d4 Nf6 5. Nf3 Bg4 6. Be2 e6 7. O-O Be7 8. h3
Bh5 9. c4 Qd6 10. dxc5 Qxd1 11. Rxd1 Bxc5 12. Nc3 Nc6 13. Bg5 Be7 14. g4 Bg6
15. Nd4 O-O-O 16. Nxc6 bxc6 17. Bf3 Kb7 18. Be3 Nd7 19. Bf4 e5 20. Be3 Nb6 21.
b3 Rxd1+ 22. Rxd1 Rd8 23. Rxd8 Bxd8 24. c5 Nd7 25. b4 a6 26. a4 Be7 27. b5 axb5
28. axb5 Nb8 29. bxc6+ Nxc6 30. Nd5 e4 31. Bg2 Bh4 32. Nc3 f5 33. gxf5 Bxf5 34.
Nxe4 Bd7 35. Nd6+ Kc7 36. Nc4 Bf6 37. Bf4+ Kd8 38. Nb6 Be8 39. Na8 Be5 40. Bg5+
Kd7 41. Nb6+ Ke6 42. Nc4 Bd4 43. Be3 Bf6 44. Nd6 Bd7 45. Ne4 Be7 46. f4 h6 47.
h4 Bxh4 48. Nd6 Ke7 49. Bxc6 Bxc6 50. Nf5+ Kf6 51. Nxh4 g5 52. fxg5+ hxg5 53.
Ng2 Kf5 54. Kf2 Kg4 55. Ne1 Be4 56. Bd4 Bb7 57. Nd3 Kf5 58. Ke3 Kg4 59. c6 Bc8
60. Be5 Kh3 61. Nc5 Kg2 62. Ne4 g4 63. Nd6 Be6 64. c7 Kh3 65. Ne4 Bc8 66. Kf4
Kh4 67. Ng3 Bd7 68. Ne4 Bc8 69. Ke3 Kh5 70. Nd6 Be6 71. c8=Q Bxc8 72. Nxc8 g3
73. Bxg3 Kg5 74. Nb6 Kf5 75. Na4 Ke6 76. Ke4 Kd7 77. Kd5 Kc8 78. Nc5 Kd8 79.
Bd6 Ke8 80. Ke6 Kd8 81. Nb3 Kc8 82. Na5 Kd8 83. Bf4 Kc8 84. Be5 Kd8 85. Kd6 Kc8
86. Kc6 Kd8 87. Nb3 Ke8 88. Nd4 Kd8 89. Nf5 Ke8 90. Kd6 Kd8 91. Ne7 Ke8 92. Ke6
Kf8 93. Nf5 Ke8 94. Bf6 Kf8 95. Be7+ Kg8 96. Bc5 Kh8 97. Kf7 Kh7 98. Bf8 Kh8
99. Ne3 Kh7 100. Nd5 Kh8 101. Bg7+ 1-0

[Event "Olimpiada Calviá 2004"]
[Site "Calviá ESP"]
[Date "2004.10.17"]
[Round "3.39"]
[White "Najjar, Ahmad"]
[Black "Davila Vega, Juan"]
[Result "1-0"]
[WhiteElo "2337"]
[BlackElo "2169"]
[PlyCount "65"]
[EventDate "2004.10.15"]
[EventType "team"]
[EventRounds "14"]
[EventCountry "ESP"]
[Source "lmi"]
[SourceDate "2004.10.27"]

1. d4 g6 2. e4 Bg7 3. Nf3 d6 4. Bc4 Nf6 5. Nc3 O-O 6. O-O c6 7. a4 d5 8. exd5
cxd5 9. Bd3 Nc6 10. Na2 a6 11. c3 Qd6 12. Re1 Nh5 13. Bg5 Nf4 14. Bf1 Bg4 15.
h3 Bf5 16. Nb4 Rfe8 17. Bxf4 Qxf4 18. Nxd5 Qd6 19. Ne3 Bd7 20. Nc4 Qc7 21. d5
Na5 22. Nce5 b6 23. b4 Nb7 24. Qb3 Nd6 25. Ra2 Bc8 26. c4 e6 27. a5 exd5 28.
axb6 dxc4 29. Nxc4 Qc6 30. Nxd6 Be6 31. Nc4 Rec8 32. Rc2 Rab8 33. Qa2 1-0

[Event "Olimpiada Calviá 2004"]
[Site "Calviá ESP"]
[Date "2004.10.17"]
[Round "3.39"]
[White "Santa Torres, Luis A"]
[Black "Eid, Fadi"]
[Result "0-1"]
[WhiteElo "2196"]
[BlackElo "2357"]
[PlyCount "76"]
[EventDate "2004.10.15"]
[EventType "team"]
[EventRounds "14"]
[EventCountry "ESP"]
[Source "lmi"]
[SourceDate "2004.10.27"]

1. d4 Nf6 2. c4 e6 3. Nc3 Bb4 4. e3 Nc6 5. Nge2 e5 6. d5 Ne7 7. a3 Bxc3+ 8.
Nxc3 d6 9. e4 O-O 10. Be2 Ne8 11. O-O f5 12. exf5 Bxf5 13. Bd3 Qd7 14. Ne4 h6
15. Be3 Nf6 16. Qc2 c5 17. dxc6 bxc6 18. Rad1 d5 19. Nxf6+ Rxf6 20. f4 Bxd3 21.
Qxd3 exf4 22. Rxf4 Rxf4 23. Bxf4 Qg4 24. Be5 Ng6 25. Bg3 Rd8 26. Qd4 Qe2 27.
Qd3 Qg4 28. Qd4 Qe2 29. Qd3 Qg4 30. Qd4 Qg5 31. cxd5 Rxd5 32. Qc4 Kh7 33. Re1
h5 34. Bb8 a5 35. h3 Rb5 36. Re8 Rxb2 37. Qxc6 Rb1+ 38. Kh2 Rxb8 0-1

[Event "Olimpiada Calviá 2004"]
[Site "Calviá ESP"]
[Date "2004.10.17"]
[Round "3.40"]
[White "Juarez Flores, Roberto"]
[Black "Solomon, Kenny"]
[Result "0-1"]
[WhiteElo "2207"]
[BlackElo "2358"]
[PlyCount "130"]
[EventDate "2004.10.15"]
[EventType "team"]
[EventRounds "14"]
[EventCountry "ESP"]
[Source "lmi"]
[SourceDate "2004.10.27"]

1. d4 Nf6 2. c4 e6 3. Nf3 b6 4. g3 Ba6 5. b3 Bb4+ 6. Bd2 Be7 7. Bg2 c6 8. O-O
O-O 9. Nc3 d5 10. cxd5 cxd5 11. Ne5 Bb7 12. e3 Nbd7 13. f4 Ne4 14. Nxe4 dxe4
15. Qb1 f5 16. Qb2 Nxe5 17. fxe5 Qd7 18. Rac1 Ba6 19. Rfe1 Bb7 20. Rc2 Rac8 21.
Rec1 Rxc2 22. Rxc2 Rc8 23. Bf1 b5 24. Rxc8+ Bxc8 25. Qc3 Bb7 26. Qa5 Bc6 27.
Bb4 Bd8 28. Qa3 g5 29. Qc1 Qd5 30. Qc5 Qxc5 31. Bxc5 a6 32. Be2 Kg7 33. Kf2 Kg6
34. b4 Bd5 35. a3 Bb3 36. Bf1 h5 37. Be2 g4 38. Bf1 Kf7 39. Be2 Ke8 40. Ke1 h4
41. Kf2 h3 42. Bd6 Kd7 43. Bf8 Bg5 44. Bc5 Kc6 45. Bf8 Kd5 46. Bc5 Bc2 47. Bd6
Bd8 48. Bf8 Bg5 49. Bc5 Bh6 50. Be7 Bd3 51. Bd1 Kc4 52. Bc5 Bg5 53. a4 Bd8 54.
axb5 axb5 55. Bf8 Bg5 56. Bc5 Bd8 57. Bf8 Bb6 58. Be7 Bc7 59. Bf8 Bd8 60. Bd6
Bg5 61. Bc5 Kc3 62. d5 exd5 63. e6 Kd2 64. Bb3 Bc4 65. Bxc4 dxc4 0-1

[Event "Olimpiada Calviá 2004"]
[Site "Calviá ESP"]
[Date "2004.10.17"]
[Round "3.40"]
[White "Gluckman, David"]
[Black "Reyes Najera, Carlos A"]
[Result "1/2-1/2"]
[WhiteElo "2343"]
[BlackElo "2186"]
[PlyCount "97"]
[EventDate "2004.10.15"]
[EventType "team"]
[EventRounds "14"]
[EventCountry "ESP"]
[Source "lmi"]
[SourceDate "2004.10.27"]

1. e4 c5 2. c3 d6 3. Nf3 Nf6 4. Be2 Nc6 5. d4 g6 6. O-O Bg7 7. d5 Nb8 8. Bb5+
Nbd7 9. Re1 O-O 10. h3 a6 11. Bf1 b5 12. a4 Rb8 13. axb5 axb5 14. Na3 b4 15.
Nc4 bxc3 16. bxc3 Qc7 17. Qc2 Nb6 18. Bf4 Nxc4 19. Bxc4 Nd7 20. Ra2 Nb6 21. Bd3
e6 22. c4 exd5 23. exd5 Bd7 24. Ng5 Rfe8 25. Rxe8+ Rxe8 26. Ne4 Nc8 27. Ra8 f5
28. Ng5 Qb7 29. Qa2 Re1+ 30. Kh2 Ra1 31. Rxc8+ Qxc8 32. Qe2 Qf8 33. h4 Qf6 34.
g3 Ra8 35. Kg2 h6 36. Nf3 Kh7 37. Qc2 Ra3 38. Bc1 Ra8 39. Qd2 Ra1 40. h5 gxh5
41. Qf4 Bc8 42. Bb2 Qxb2 43. Bxf5+ Bxf5 44. Qxf5+ Kh8 45. Qc8+ Kh7 46. Qf5+ Kg8
47. Qe6+ Kh7 48. Qf5+ Kg8 49. Qe6+ 1/2-1/2

[Event "Olimpiada Calviá 2004"]
[Site "Calviá ESP"]
[Date "2004.10.17"]
[Round "3.40"]
[White "Juarez Flores, Guillermo J"]
[Black "Solomons, Deon"]
[Result "1/2-1/2"]
[WhiteElo "2221"]
[BlackElo "2249"]
[PlyCount "91"]
[EventDate "2004.10.15"]
[EventType "team"]
[EventRounds "14"]
[EventCountry "ESP"]
[Source "lmi"]
[SourceDate "2004.10.27"]

1. e4 c5 2. Nf3 Nc6 3. d4 cxd4 4. Nxd4 Nf6 5. Nc3 d6 6. Be2 e5 7. Nb3 Be7 8.
O-O O-O 9. Kh1 a5 10. a4 Be6 11. f4 Nb4 12. f5 Bd7 13. Bf3 Bc6 14. Qe2 Qc7 15.
Bg5 Rfd8 16. Rfd1 b6 17. Rd2 Na6 18. Rad1 Nc5 19. Nxc5 bxc5 20. Bxf6 Bxf6 21.
Nd5 Bxd5 22. Rxd5 Rab8 23. b3 Rb4 24. Qd3 Be7 25. f6 Bxf6 26. Rxd6 Rd4 27. Rxd4
exd4 28. Be2 Re8 29. Qf3 Be5 30. g3 Re6 31. Rf1 Rf6 32. Qg4 g6 33. Rxf6 Bxf6
34. Bc4 Kg7 35. Qf4 Be5 36. Qf3 h5 37. Kg2 f6 38. h3 Qb7 39. g4 h4 40. g5 Qe7
41. Qg4 fxg5 42. Qe6 Qxe6 43. Bxe6 Kf6 44. Bg4 Bf4 45. Be2 Ke5 46. Kf3 1/2-1/2

[Event "Olimpiada Calviá 2004"]
[Site "Calviá ESP"]
[Date "2004.10.17"]
[Round "3.41"]
[White "Cilia Vincenti, David"]
[Black "Kozul, Zdenko"]
[Result "0-1"]
[WhiteElo "2189"]
[BlackElo "2640"]
[PlyCount "68"]
[EventDate "2004.10.15"]
[EventType "team"]
[EventRounds "14"]
[EventCountry "ESP"]
[Source "lmi"]
[SourceDate "2004.10.27"]

1. d4 Nf6 2. c4 g6 3. Nc3 Bg7 4. e4 d6 5. f3 O-O 6. Be3 c6 7. Qd2 e5 8. Nge2
Nbd7 9. d5 Nb6 10. Nc1 cxd5 11. cxd5 Ne8 12. a4 a6 13. a5 Nd7 14. b4 f5 15. Nb3
Ndf6 16. O-O-O fxe4 17. Nxe4 Nxe4 18. fxe4 Nf6 19. Bd3 Bd7 20. Kb2 Ng4 21. Bb6
Qe8 22. h3 Bh6 23. Qe2 Nf6 24. Nd2 Nh5 25. Qe1 Nf4 26. Bf1 Bb5 27. g3 Nd3+ 28.
Bxd3 Bxd3 29. Be3 Bg7 30. Nb3 Qb5 31. Rc1 Rfc8 32. Bg5 h6 33. Be7 Rxc1 34. Qxc1
Qd7 0-1

[Event "Olimpiada Calviá 2004"]
[Site "Calviá ESP"]
[Date "2004.10.17"]
[Round "3.41"]
[White "Vella, Duncan"]
[Black "Zelcic, Robert"]
[Result "0-1"]
[WhiteElo "2167"]
[BlackElo "2531"]
[PlyCount "86"]
[EventDate "2004.10.15"]
[EventType "team"]
[EventRounds "14"]
[EventCountry "ESP"]
[Source "lmi"]
[SourceDate "2004.10.27"]

1. e4 Nf6 2. e5 Nd5 3. d4 d6 4. Nf3 Bg4 5. Be2 e6 6. exd6 cxd6 7. O-O Be7 8. c4
Nb6 9. b3 O-O 10. Nc3 d5 11. c5 Bxf3 12. Bxf3 Nc8 13. b4 Bf6 14. Be3 Nc6 15. b5
Na5 16. Be2 Ne7 17. Qa4 b6 18. Qb4 Nf5 19. c6 Be7 20. Qb2 Bd6 21. Bd3 Nxe3 22.
fxe3 f5 23. Ne2 Rf6 24. Rac1 Qc7 25. g3 Raf8 26. a4 Rh6 27. Bb1 g5 28. Rf2 Qe7
29. Rcf1 Nc4 30. Qc1 Ba3 31. Qc3 Bb4 32. Qd3 Bd2 33. Ba2 Bxe3 34. Bxc4 Bxf2+
35. Rxf2 dxc4 36. Qxc4 f4 37. d5 exd5 38. Qxd5+ Qe6 39. Qxg5+ Rg6 40. Qh4 f3
41. Nf4 Qe1+ 42. Rf1 Qe3+ 43. Kh1 f2 0-1

[Event "Olimpiada Calviá 2004"]
[Site "Calviá ESP"]
[Date "2004.10.17"]
[Round "3.41"]
[White "Stevic, Hrvoje"]
[Black "Abela, Daniel"]
[Result "1-0"]
[WhiteElo "2539"]
[BlackElo "2088"]
[PlyCount "73"]
[EventDate "2004.10.15"]
[EventType "team"]
[EventRounds "14"]
[EventCountry "ESP"]
[Source "lmi"]
[SourceDate "2004.10.27"]

1. e4 e6 2. d3 d5 3. Nd2 Nf6 4. Ngf3 c5 5. g3 Nc6 6. Bg2 Be7 7. O-O Qc7 8. Re1
b6 9. Nf1 dxe4 10. dxe4 Ba6 11. c3 O-O 12. Bf4 Qd7 13. Qa4 Bxf1 14. Rxf1 Rad8
15. Rad1 Nd4 16. Qxd7 Nxf3+ 17. Bxf3 Rxd7 18. e5 Rxd1 19. Rxd1 Nd5 20. Bxd5
exd5 21. Rxd5 g5 22. Be3 a5 23. a4 g4 24. Rd7 Re8 25. Rb7 Bd8 26. Rb8 Kf8 27.
Bh6+ Ke7 28. Bg5+ Kd7 29. Bxd8 Rxd8 30. Rxb6 Kc7 31. Rb5 Rd1+ 32. Kg2 Kc6 33.
Rxa5 Rd5 34. b4 Rxe5 35. Rxc5+ Rxc5 36. bxc5 Kxc5 37. Kf1 1-0

[Event "Olimpiada Calviá 2004"]
[Site "Calviá ESP"]
[Date "2004.10.17"]
[Round "3.42"]
[White "Berg, Olaf"]
[Black "Sharavdorj, Dashzeveg"]
[Result "0-1"]
[WhiteElo "2211"]
[BlackElo "2466"]
[PlyCount "42"]
[EventDate "2004.10.15"]
[EventType "team"]
[EventRounds "14"]
[EventCountry "ESP"]
[Source "lmi"]
[SourceDate "2004.10.27"]

1. e4 e6 2. d4 d5 3. e5 c5 4. Nf3 Nc6 5. Bd3 Qa5+ 6. Kf1 cxd4 7. Nbd2 Qc7 8.
Qe2 Bc5 9. a3 a5 10. g3 Nge7 11. Kg2 Bb6 12. Ne1 h6 13. h4 f6 14. exf6 gxf6 15.
Kh2 h5 16. Qf3 Kf7 17. Nf1 e5 18. Bg5 Qd6 19. Nd2 Kg7 20. Nc4 dxc4 21. Bxc4 Bf5
0-1

[Event "Olimpiada Calviá 2004"]
[Site "Calviá ESP"]
[Date "2004.10.17"]
[Round "3.42"]
[White "Hatanbaatar, Bazar"]
[Black "Rodgaard, John"]
[Result "1/2-1/2"]
[WhiteElo "2427"]
[BlackElo "2310"]
[PlyCount "66"]
[EventDate "2004.10.15"]
[EventType "team"]
[EventRounds "14"]
[EventCountry "ESP"]
[Source "lmi"]
[SourceDate "2004.10.27"]

1. e4 e6 2. d4 d5 3. Nd2 Nf6 4. e5 Nfd7 5. c3 c5 6. Bd3 Nc6 7. Ne2 cxd4 8. cxd4
f6 9. exf6 Nxf6 10. O-O Bd6 11. Nf3 Qc7 12. g3 Qb6 13. Bf4 Bxf4 14. Nxf4 Qxb2
15. Ng5 O-O 16. Rb1 Qxa2 17. Ngxe6 Bxe6 18. Nxe6 Rf7 19. Ng5 Re7 20. Bf5 g6 21.
Be6+ Kg7 22. Bh3 Rae8 23. Ne6+ Rxe6 24. Bxe6 Rxe6 25. Rxb7+ Re7 26. Rxe7+ Nxe7
27. Qe1 Kf7 28. Qe5 Qd2 29. Re1 Ne4 30. Rf1 Nf6 31. Re1 Ne4 32. Rf1 Nf6 33. Re1
Ne4 1/2-1/2

[Event "Olimpiada Calviá 2004"]
[Site "Calviá ESP"]
[Date "2004.10.17"]
[Round "3.42"]
[White "Nolsoe, Eydun"]
[Black "Erhembayar, Duurenbayar"]
[Result "0-1"]
[WhiteElo "2227"]
[BlackElo "2332"]
[PlyCount "116"]
[EventDate "2004.10.15"]
[EventType "team"]
[EventRounds "14"]
[EventCountry "ESP"]
[Source "lmi"]
[SourceDate "2004.10.27"]

1. e4 c6 2. d4 d5 3. Nc3 dxe4 4. Nxe4 Bf5 5. Ng3 Bg6 6. Nf3 e6 7. Ne5 Bd6 8.
Nxg6 hxg6 9. Ne4 Be7 10. c3 Nd7 11. Bf4 Ndf6 12. Nxf6+ Nxf6 13. Qb3 Qd7 14. Be2
Nd5 15. Bd2 Qc7 16. g3 Bd6 17. Bf3 a5 18. a4 Ne7 19. c4 Nf5 20. Bc3 Bb4 21.
O-O-O O-O-O 22. h4 Kb8 23. Kb1 Bxc3 24. bxc3 Ka7 25. Ka2 e5 26. d5 c5 27. Rd2
Nd6 28. Rb2 e4 29. Be2 g5 30. h5 f5 31. g4 f4 32. f3 Rde8 33. fxe4 Rxe4 34. Bd3
Re3 35. Bg6 Kb8 36. Rhb1 Rf8 37. Bf5 f3 38. Rf1 Nxf5 39. gxf5 Rxf5 40. Qc2 Qd7
41. Rfb1 Re2 42. Qd1 Rxb2+ 43. Kxb2 g4 44. Qh1 g3 45. Qh3 g2 46. Ka3 Kc8 47. h6
gxh6 48. Qxh6 Kb8 49. Qh2+ Ka7 50. Rb5 b6 51. Rxb6 Kxb6 52. Qb8+ Qb7 53. Qd6+
Ka7 54. Qxc5+ Ka6 55. Qe3 Qf7 56. Qf2 Qe7+ 57. Kb3 Rg5 58. d6 Qb7+ 0-1

[Event "Olimpiada Calviá 2004"]
[Site "Calviá ESP"]
[Date "2004.10.17"]
[Round "3.42"]
[White "Byambaa, Zulzaga"]
[Black "Samuelsen, Carl Eli Nolsoe"]
[Result "1/2-1/2"]
[WhiteElo "2299"]
[BlackElo "2225"]
[PlyCount "76"]
[EventDate "2004.10.15"]
[EventType "team"]
[EventRounds "14"]
[EventCountry "ESP"]
[Source "lmi"]
[SourceDate "2004.10.27"]

1. e4 c5 2. Nf3 e6 3. d4 cxd4 4. Nxd4 a6 5. Bd3 Nf6 6. O-O Qc7 7. Nc3 b5 8. a3
Bb7 9. Kh1 d6 10. Be3 Nbd7 11. f4 Be7 12. Qf3 h5 13. Rfe1 h4 14. Kg1 g6 15. Bf2
Nh5 16. Be2 e5 17. fxe5 Nxe5 18. Qe3 Ng4 19. Qh3 Qd7 20. Rf1 Bf6 21. Nd5 Nxf2
22. Nxf6+ Nxf6 23. Kxf2 Qxh3 24. gxh3 Kd7 25. e5 Nd5 26. exd6 Rae8 27. Bg4+
Kxd6 28. Rae1 f5 29. Bf3 Re5 30. Rxe5 Kxe5 31. c3 Rd8 32. Nc2 Ba8 33. Nb4 Rd6
34. Nd3+ Ke6 35. Nc5+ Ke5 36. Nd3+ Ke6 37. Nc5+ Ke5 38. Nd3+ Ke6 1/2-1/2

[Event "Olimpiada Calviá 2004"]
[Site "Calviá ESP"]
[Date "2004.10.17"]
[Round "3.43"]
[White "Salem, Ali Maoloud"]
[Black "Talla, Vladimir"]
[Result "0-1"]
[WhiteElo "2228"]
[BlackElo "2385"]
[PlyCount "90"]
[EventDate "2004.10.15"]
[EventType "team"]
[EventRounds "14"]
[EventCountry "ESP"]
[Source "lmi"]
[SourceDate "2004.10.27"]

1. e4 e5 2. Nf3 Nc6 3. d4 exd4 4. Bc4 Nf6 5. O-O Nxe4 6. Re1 d5 7. Bxd5 Qxd5 8.
Nc3 Qa5 9. Nxe4 Be6 10. Bd2 Bb4 11. Nxd4 Nxd4 12. Bxb4 Qxb4 13. c3 Qb6 14. Qxd4
Qxd4 15. cxd4 O-O-O 16. Ng5 Rhe8 17. Nxe6 Rxe6 18. Rxe6 fxe6 19. Rd1 e5 20. d5
c6 21. d6 Kd7 22. Kf1 Ke6 23. Ke2 Rxd6 24. Rc1 Rd4 25. Rc3 Ra4 26. a3 Rg4 27.
Rb3 b6 28. g3 Rd4 29. f3 Rd8 30. Re3 c5 31. f4 Rd5 32. Re4 Kd6 33. h4 exf4 34.
Rxf4 Kc6 35. Rg4 Rd7 36. h5 b5 37. Rf4 c4 38. h6 gxh6 39. Rf6+ Rd6 40. Rf7 Kb6
41. Rxh7 a6 42. Re7 Ka5 43. Re3 Ka4 44. Rf3 a5 45. Re3 Rd3 0-1